Evolution of environmental jurisprudence in India: The national green tribunal (Record no. 396093)

MARC details
000 -LEADER
fixed length control field 00678 a2200229 4500
005 - DATE & TIME
control field 20260218123212.0
008 - FIXED-LENGTH DATA ELEMENTS--GENERAL INFORMATION
fixed length control field 260218b |||||||| |||| 00| 0 eng d
020 ## - ISBN
International Standard Book Number 9781009379212
Price Rs. 895.00
040 ## - CATALOGING SOURCE
Original cataloging agency VIVEKANANDA LIBRARY
082 ## - DDC NUMBER
Classification number 344.5046
Book Number N194E
100 ## - MAIN ENTRY--PERSONAL NAME
Personal name Nath, Raghuveer
110 ## - MAIN ENTRY--CORPORATE NAME
Corporate name Nath, Raghuveer
245 ## - TITLE STATEMENT
Title Evolution of environmental jurisprudence in India: The national green tribunal
250 ## - EDITION STATEMENT
Edition statement
260 ## - PUBLICATION, DISTRIBUTION, ETC. (IMPRINT)
Name of publisher, distributor, etc Cambridge University Press
Date of publication, distribution, etc 2024
Place of publication, distribution, etc New York
300 ## - PHYSICAL DESCRIPTION
Pages xviii, 428
650 ## - Subject
Subject Environmental Law- India
650 ## - Subject
Subject Judicial Review- India
650 ## - Subject
Subject Environmental Protection- Law
700 ## - Added Entry Personal Name
Added Entry Personal Name Rosencranz, Armin
942 ## - ADDED ENTRY ELEMENTS (KOHA)
Koha item type Books
Holdings
Withdrawn status Lost status Source of classification or shelving scheme Damaged status Not for loan Location (home branch) Sublocation or collection (holding branch) Shelving location Date acquired Koha issues (times borrowed) Koha full call number Accession No. Koha date last seen Koha item type
    Dewey Decimal Classification     VIVEKANANDA LIBRARY VIVEKANANDA LIBRARY Vivekananda Library 03/02/2026   344.5046 N194E 377870 03/02/2026 Books
    Dewey Decimal Classification     VIVEKANANDA LIBRARY VIVEKANANDA LIBRARY Vivekananda Library 03/02/2026 1 344.5046 N194E 377871 13/04/2026 Books
© Designed and Maintained by Vivekananda Library, MDU Rohtak